000 00930cam a2200241 a 4500
001 17039703
005 20180215030846.0
008 111108s2013 nyua b 001 0 eng
010 _a 2011045062
020 _a9780199827428
040 _aDLC
_cDLC
_dDLC
041 _aeng
042 _apcc
080 _a302.2
082 0 0 _a302.2 ADL
_223
100 1 _a48
101 _aPSI
245 1 0 _aInterplay :
_cRonald B. Adler, Lawrence B. Rosenfeld, Russell F. Proctor II.
504 _aIncludes bibliographical references and indexes.
906 _a7
_bcbc
_corignew
_d1
_eecip
_f20
_gy-gencatlg
942 _2ddc
_cBK
999 _c42542
_d42542